000 00447nam a2200145Ia 4500
003 OSt
005 20260227103930.0
008 211028s2019 xx 000 0 und d
040 _cAIMIT LIBRARY
041 _aeng
100 _aKalfan, Sheikh Mohammed; Vasantha, G.
_g1716183
_98157
245 _aStudy on tourism in Karnataka with reference to Dakshina Kannada and Udupi district /
260 _aMangalore
_bDhananjaya K
_c2019
942 _2ddc
_cPRO
999 _c219725
_d219725